000 00496nam a22001937a 4500
003 LK-CoMWRAF
005 20230921123310.0
008 230921b1983 |||||||| |||| 00| 0 eng d
040 _aLK-CoMWRAF
_dLK-CoMWRAF
_eLK-CoMWRAF
041 _aeng
082 _a297
_bMAU
100 _aMaulana, Shaikhul Hadith
110 _aZakariyya, Muhammad
245 _aFazaile-Amal :
260 _aNew Delhi :
_bIndra ishaat-e-dinitat
_c1983
490 _aVolume 1
650 _aIslam Teachings
942 _cBK
999 _c3586
_d3586